| 000 | 00599nam a2200217Ia 4500 | ||
|---|---|---|---|
| 003 | OSt | ||
| 005 | 20230608111300.0 | ||
| 008 | 210423s1985 xx 000 0 und d | ||
| 040 | _cAL | ||
| 041 | _aeng | ||
| 082 |
_a361.3 _223 _b REDP |
||
| 100 |
_aRODDY (G R) _9122407 |
||
| 245 | _aPublic policy and the rural poor in india | ||
| 260 |
_aNew Delhi _bConcept publishing company _c1985 |
||
| 300 |
_axv,319 _bHB |
||
| 365 |
_b500 _cINR |
||
| 650 |
_aSocial Problems & Services _9122408 |
||
| 650 |
_aSocial Work _9122409 |
||
| 906 | _aindia ; policy ; poor ; Public ; rural | ||
| 942 |
_2ddc _cBK |
||
| 999 |
_c175241 _d175241 |
||